LEADER 00722nam a2200193 i 4500 001 000000213370 003 CaOOAMICUS 005 20120521000000.0 008 120521s1822 it u000 u mul u 013 $a192225 026 $ae.e. *.er i.iu VoAc (3) 1822 (R) 040 $aSeMil$bita 245 10$a[1]. 300 $a[2], 142, [2] p. 650 4$aLingua greca - Grammatica, sintassi etc.$0(OLS)http://semarc/subject/710 773 0 $tGrammatica greca elementare ad uso delle classi 3. e 4. del corso ginnasiale.$dMilano : Imp. Regia Stamperia, 1822.$g1$w()26764 850 $aSeMil 852 $aSeMil$W1$xVenegono$y1$m1Z III 78 FA$j163800$B163800$CSeMilBibl$Z2$F174859 $8I 996 $6245$a[1]$9(OLS)http://semarc/title/16462 LEADER 00874nam a2200229 i 4500 001 000000185415 003 CaOOAMICUS 005 20100203000000.0 008 100203s1930 it u000 u fre u 013 $a163428 040 $aSeMil$bita 100 1 $aBossche, Louis : van den.$0(OLS)http://semarc/name/67440 245 14$aLes Carmes /$cLouis : Bossche van den. 260 $aParis :$bGrasset,$ccopyr. 1930. 300 $aIX, 260 p. ;$c19 cm. 490 0 $aLes grands ordres monastiques ;$v9. 650 4$aCarmelitani.$0(OLS)http://semarc/subject/9900 830 4$aLes grands ordres monastiques ;$v9.$0(OLS)http://semarc/title/30565 850 $aSeMil 852 $aSeMil$W1$xVenegono$y1$m3F I 49$j136106$B136106$CSeMilBibl$Z2$F147644 $81 996 $6245$aLes Carmes$9(OLS)http://semarc/title/266438 996 $6260$aParis :$bGrasset$9(OLS)http://semarc/publisher/32984